Руководство для изучения османского языка : (Record no. 536541)
[ view plain ]
| 000 -LEADER | |
|---|---|
| fixed length control field | 00941nam a2200241 a 4500 |
| 001 - CONTROL NUMBER | |
| control field | 001079814 |
| 003 - CONTROL NUMBER IDENTIFIER | |
| control field | AM-YEHGA |
| 005 - DATE AND TIME OF LATEST TRANSACTION | |
| control field | 20260109142159.0 |
| 008 - FIXED-LENGTH DATA ELEMENTS--GENERAL INFORMATION | |
| fixed length control field | 150518s1916 ru r 000 0 rus d |
| 040 ## - CATALOGING SOURCE | |
| Original cataloging agency | AM-YEHGA |
| 041 0# - LANGUAGE CODE | |
| Language code of text/sound track or separate title | rus |
| 041 0# - LANGUAGE CODE | |
| Language code of text/sound track or separate title | tur |
| 100 1# - MAIN ENTRY--PERSONAL NAME | |
| Personal name | Гордлевский, В. |
| 245 10 - TITLE STATEMENT | |
| Title | Руководство для изучения османского языка : |
| Remainder of title | С ключем. По материалу Г. Еглички / |
| Statement of responsibility, etc. | Перераб. по-русски В.А. Гордлевский. |
| 260 ## - PUBLICATION, DISTRIBUTION, ETC. | |
| Place of publication, distribution, etc. | Москва : |
| Name of publisher, distributor, etc. | Тип. бывш. М.О. Аттая (ныне Бархударянц), |
| Date of publication, distribution, etc. | 1916. |
| 300 ## - PHYSICAL DESCRIPTION | |
| Extent | 128, 16 с. : |
| Other physical details | табл. ; |
| Dimensions | 26 см. |
| 500 ## - GENERAL NOTE | |
| General note | Без тит. л., опис. по обл. |
| 546 ## - LANGUAGE NOTE | |
| Language note | Кн. на рус. и осман. яз. |
| 650 14 - SUBJECT ADDED ENTRY--TOPICAL TERM | |
| Topical term or geographic name entry element | Турецкий язык |
| 653 0# - INDEX TERM--UNCONTROLLED | |
| Uncontrolled term | Османский язык |
| 700 1# - ADDED ENTRY--PERSONAL NAME | |
| Personal name | Егличка, Г. |
| 942 ## - ADDED ENTRY ELEMENTS (KOHA) | |
| Source of classification or shelving scheme | Universal Decimal Classification |
| Koha item type | Գրքեր / Books |
| Withdrawn status | Lost status | Damaged status | Not for loan | Collection | Home library | Current library | Date acquired | Total checkouts | Full call number | Barcode | Date last seen | Price effective from | Koha item type | Public note |
|---|---|---|---|---|---|---|---|---|---|---|---|---|---|---|
| Kusikian Individual Collection | Fundamental Scientific Library | Fundamental Scientific Library | 01/09/2025 | Кус/3798 | FL0692827 | 01/09/2025 | 08/10/2025 | Գրքեր / Books | ILL Non-Circ. |
ՀՀ Գիտությունների ազգային ակադեմիայի հիմնարար գիտական գրադարան = Fundamental Scientific Library of NAS RA
All site content, except where otherwise noted, is licensed under a